Französisch Vok Test 3 Banlieue - Statistiken

Allgemein
  • Dieses Quiz wurde 9 mal gespielt
  • Das Durchschnittsergebnis liegt bei 11 aus 43
Antwortstatistiken
Hint Antwort % Korrekt
Vororte la banlieue
57%
ein Praktikum un stage
57%
Stadt-, städtisch urbain/e
57%
Arbeitslosigkeit le chômage
43%
Ausschluss l'exclusion
43%
sich ausgeschlossen fühlen =se sentir rejeté,e se sentir exclu/e
43%
Vorortbewohner/in un,e banlieusard/e
43%
Eine Ausblidung une formation
43%
Ein Vorurteil Un préjugé
43%
beschädigt dégradé/e
29%
verfallen délabré/e
29%
Hochhaus une tour
29%
Die Kombüse =une situation difficile la galère
29%
Ausgrenzung la marginalisation
29%
Spannung la tension
29%
Diebstahl =un petit vol le larcin
29%
Die Langeweile l'ennui
29%
Ringautobahn um Paris le périph(érique)
29%
Der Drogenhandel le trafic de drogue
29%
Die Feindseligkeit l'hostilité
29%
Die Region um Paris L'Ile-de-France
29%
Unsicherheit l'insécurité
29%
herumhängen, herumlungern trainer
29%
eine benachteiligte Vorstadt une banlieue défavorisée
29%
eine Vorstadt mit schwierigen Verhältnissen une banlieue sensible
29%
Banlieue-Stadtteil une cité
29%
Ein,e Straftäter/in =un,e criminelle un,e délinquant/e
29%
Ein Aufstand Une émeute
29%
Franzose/Französin von Geburt an Un,e français/e de souche
29%
Wohnsitz une résidence
29%
Ballungsgebiet l'agglomération
14%
Der Teufelskreis le cercle vicieux
14%
Die Verachtung le mépris
14%
versinken s'enforcer
14%
Sozialhilfeempfängerin un,e allocataire du RMI
14%
Eine Niederlage un échec
14%
Ein Sozialbau une HLM / une habitation à loyer modéré
14%
Gebäudekomplex un grand ensemble
14%
einen Migrationshintergrund haben être issu,e de l'immigration
0%
Eingliederung in die Gesellschaft l'insertion sociale
0%
verarmen paupériser
0%
großer Häuserblock une barre (d'immeuble)
0%
ein Arbeiter un ouvrier
0%
Keine übereinstimmenden Quizze gefunden
Verteilung der Resultate
Anzahl Personen mit jedem Resultat
Perzentil nach korrekt beantworteten Fragen
Ihre Resultats-Entwicklung
Sie haben dieses Quiz noch nicht gespielt